Uruguay departments - Statistics

General Stats
  • This quiz has been taken 12 times
  • The average score is 16 of 19
Answer Stats
Answer % Correct
Durazno
100%
Montevideo
100%
Rocha
100%
Artigas
89%
Canelones
89%
Cerro Largo
89%
Colonia
89%
Florida
89%
Salto
89%
Soriano
89%
Tacuarembó
89%
Flores
78%
Paysandú
78%
Río Negro
78%
Rivera
78%
San José
78%
Treinta y Tres
78%
Maldonado
67%
Lavalleja
56%
No matching quizzes found
Score Distribution
Percent of People with Each Score
Percentile by Number Answered
Your Score History
You have not taken this quiz